• 首页
  • 本馆介绍
  • 公告通知
  • 最新文献
  • 馆藏检索
  • 电子资源
  • 读者导购
  • 参考咨询
  • 我的图书馆
  • 登录
  • 详细信息显示
  • 放入我的书架
  • 预约/预借图书
  • 作者相关作品
  • 分类相关作品
  • 丛书相关作品
  • 出版社相关作品

书目信息

  • 表格格式
  • 工作单格式
  • 卡片格式
题名:
中国传统工艺全集
    
 
作者: 路甬祥 总主编 ;张秉伦 , 方晓阳 , 樊嘉禄 著
分册:   造纸与印刷
出版信息: 郑州   大象出版社  2005
页数: 448页
开本: 30cm
丛书名:
单 册:
中图分类: TS95-092 , TS7-092
科图分类:
主题词: 造纸工业--技术史--中国 , 印刷工业--技术史--中国 , 手工业 , 技术史 , 造纸工业 , 印刷工业 , 手工业--技术史--中国
电子资源:
ISBN: 7-5347-3317-0
000 01320nam0 2200349 450
001 002898396
005 20070805171000.68
010    @a7-5347-3317-0@b精装@dCNY461.10
100    @a20050316d2005 em y0chiy0110 ea
101 0  @achi@deng@eeng
102    @aCN@b410000
105    @aa z 001yy
200 1  @a中国传统工艺全集@9zhong guo chuan tong gong yi quan ji@i造纸与印刷@f路甬祥总主编@g张秉伦,方晓阳,樊嘉禄著
210    @a郑州@c大象出版社@d2005
215    @a448页@c照片,图@d30cm
300    @a中国科学院“九五”重大科研项目 国家新闻出版总署“九五”重点图书出版项目 中国科学院自然科学史研究所主办 中国科学技术史学会传统工艺研究会和上海分会协办 中国科学院和大象出版社共同资助编纂出版
330    @a本书概述了麻纸、皮纸、竹纸、加工纸技术的发展历史及生产工艺;介绍了印刷工业的发明制造历史概况和各种印刷工艺。
606 0  @a造纸工业@x技术史@y中国
606 0  @a印刷工业@x技术史@y中国
606 0  @a手工业
606 0  @a技术史
606 0  @a造纸工业
606 0  @a印刷工业
606 0  @a手工业@x技术史@y中国
690    @aTS95-092@v4
690    @aTS7-092@v4
701  0 @a路甬祥@9lu yong xiang@f(1942~)@4总主编
702  0 @a张秉伦@9zhang bing lun@f(1938~)@4著
702  0 @a方晓阳@9fang xiao yang@4著
702  0 @a樊嘉禄@9fan jia lu@4著
801  0 @aCN@bNLC@c20070805
905    @a10447@dTS95-092@e12
    
    中国传统工艺全集.造纸与印刷/路甬祥总主编/张秉伦,方晓阳,樊嘉禄著.-郑州:大象出版社,2005
    448页:照片,图;30cm
    中国科学院“九五”重大科研项目 国家新闻出版总署“九五”重点图书出版项目 中国科学院自然科学史研究所主办 中国科学技术史学会传统工艺研究会和上海分会协办 中国科学院和大象出版社共同资助编纂出版
    
    ISBN 7-5347-3317-0(精装):CNY461.10
    本书概述了麻纸、皮纸、竹纸、加工纸技术的发展历史及生产工艺;介绍了印刷工业的发明制造历史概况和各种印刷工艺。
●
相关链接 在E读中查询图书 在五车中查询图书 在当当中查询图书 在豆瓣中查询图书


正题名:中国传统工艺全集     索取号:TS95-092/12         预约/预借

序号 登录号 条形码 馆藏地/架位号 状态 备注
1 0809151   208091517   第二样本阅览室/ [索取号:TS95-092/12] 在馆    
2 0809152   208091526   第三借阅区/ [索取号:TS95-092/12] 在馆    
唐山师范学院图书馆 欢迎您!
大连网信软件有限公司© 版权所有